Countries with the Most Olympic Medals in Athletics - Statistics

General Stats
  • This quiz has been taken 71 times
  • The average score is 16 of 20
Answer Stats
G S B Medals Country % Correct
55 83 73 210 Great Britain
100%
343 270 214 827 United States
100%
13 27 30 70 France
98%
19 28 36 83 Germany
98%
19 21 19 59 Russia
97%
24 15 26 65 Italy
95%
16 18 32 66 Canada
94%
21 27 28 76 Australia
89%
11 12 16 39 China
89%
26 36 24 86 Jamaica
86%
34 41 31 106 Kenya
86%
64 55 74 193 Soviet Union
84%
23 12 23 58 Ethiopia
78%
29 20 17 66 Poland
77%
21 22 41 84 Sweden
77%
38 36 35 109 East Germany
75%
12 14 17 43 West Germany
58%
48 36 30 114 Finland
56%
10 12 18 40 Hungary
56%
11 14 20 45 Cuba
55%
No matching quizzes found
Score Distribution
Percent of People with Each Score
Percentile by Number Answered
Your Score History
You have not taken this quiz